000 00979cam a2200265 a 4500
001 1126389
003 GBCCL
005 20241126110416.0
008 941031s1995 mou 000 0 eng
010 _a 94039335
020 _a0570046890
040 _aDLC
_cDLC
_dDLC
050 0 0 _aHQ1063.6
_b.J65 1995
082 0 0 _a306.874
_220
_bJOH
100 1 _aJohnson, Richard P.
_94274
245 1 0 _aCaring for aging parents :
_bstraight answers that help you serve their needs without ignoring your own /
_cRichard P. Johnson.
260 _aSt. Louis :
_bCPH (Concordia Pub. House),
_cc1995.
300 _a190 p. ;
_c22 cm.
650 0 _aAging parents
_xCare.
_94275
650 0 _aParent and adult child.
_94276
650 0 _aAging parents
_xCare
_xReligious aspects
_xChristianity.
_94277
906 _a7
_bcbc
_corignew
_d1
_eocip
_f19
_gy-gencatlg
942 _2ddc
_cBK
_01
999 _c2083
_d2083